| 000 | 00388nam a2200145Ia 4500 | ||
|---|---|---|---|
| 999 |
_c14272 _d14272 |
||
| 003 | OSt | ||
| 005 | 20260304161230.0 | ||
| 008 | 260210s9999 xx 000 0 und d | ||
| 020 | _a9780300282450 | ||
| 100 | _aM. Surry Schlabs | ||
| 245 | 0 | _aNotes on Peter Eisenman: The Gradual Vanishing of Architecture | |
| 260 | _bThe Yale School of Architecture | ||
| 260 | _c2025 | ||
| 942 |
_cUG _2ddc |
||